000 00560nam a22001817a 4500
003 NUST
038 _aMr. Zahoor
082 _a620.1
100 _aUmer Bin Abdul Aziz
_915415
245 _aCOMBUSTION MODEL DEVLOPMENT AND VALIDATION /
_cUmer Bin Abdul Aziz
260 _aIslamabad :
_bSMME - NUST,
_c2015.
300 _aill, 88 p. ;
500 _aHardcover.
600 _2Mechanical Engineering - MS Thesis
700 _aSupervisor : Dr Sami ur Rehman shah
_9119957
856 _uhttp://10.250.8.41:8080/xmlui/handle/123456789/12690
942 _2ddc
_cTHE
999 _c524611
_d524611